| 000 | 00747nam a22000977a 4500 | ||
|---|---|---|---|
| 008 | 160312b xxu||||| |||| 00| 0 eng d | ||
| 100 | _aCockrill, Philip | ||
| 245 |
_aThe history, ships and postal cancellations of the Woermann Steamship Line of Hamburg (Deutsche Seepost-Linie Hamburg Westafrika) _balso list of ships and cancellations of the Deutsche Ost Afrika Line (with which the Woermann Line amalgamated) 1890-1965 / |
||
| 260 |
_aBath, England _bP. Cockrill _c1966 |
||
| 650 | _aGermany | Maritime Mail | Shipping Companies and Packet Service | 1890-1965 | Woermann-Linie, Hamburg. | Deutsche Seepost-Linie Hamburg Westafrika | Deutsche Ost-Afrika-Linie, Hamburg. | Postal History | Postal Markings | German East Africa (1888-1916) | German Colonies | ||
| 999 |
_c1814 _d1814 |
||